00876 2200265 4500001002100000005001500021035002000036007000300056008004100059020001500100082001000115084001600125100002600141245008000167250001800247300002500265520015200290600002000442600001400462264004400476336002100520337003000541338002300571990001600594INLIS00000000000107120260522110309 a0010-0526000527ta260522 e 0 ind  a9792046666 a649.1 a649.1 LIE m0 aLie, AnitaePengarang1 aMenjadi orang tua bijak : 101 cara menumbuhkan kecerdasan anak /cAnita Lie acetakan kedua a137 halaman ;c21 cm abuku ini berisi kumpulan tips praktis, mudah diterapkan, dan berfokus pada pendekatan positif untuk mengembangkan potensi kognitif dan keterampilan 4aPengasuhan anak 4aParenting aJakarta :bElex Media Komputindo,c2004 2rdacontentateks 2rdamediaatanpa perantara 2rdacarrieravolume aKC002098/19